| 000 | 00387nam a22001457a 4500 | ||
|---|---|---|---|
| 020 | _a9783662667170 | ||
| 040 | _cNUST | ||
| 082 |
_a621 _bHIL |
||
| 100 |
_aHilgers, Michael _9127903 |
||
| 245 |
_aElectrical Systems and Mechatronics / _cMichael Hilgers |
||
| 250 | _a2nd Ed. | ||
| 260 |
_aGermany : _bSpringer Vieweg , _c2023. |
||
| 300 |
_a87p. ; _bPaperback, _c24cm. |
||
| 942 |
_2ddc _cBK |
||
| 999 |
_c612911 _d612911 |
||